Western Europe Map Test - Statistics

General Stats
  • This quiz has been taken 78 times
  • The average score is 22 of 24
Answers on the Map
Answers color-coded by a green-red scale on the quiz's map according to % correct below.
 
Answer Stats
Answer % Correct
France
100%
Iceland
100%
Ireland
100%
Italy
100%
Portugal
100%
Spain
100%
Sweden
100%
United Kingdom
100%
Denmark
97%
Germany
97%
Greece
97%
Norway
97%
Belgium
94%
Finland
94%
Malta
88%
Netherlands
88%
Vatican city
88%
Andorra
85%
Austria
85%
San Marino
82%
Liechtenstein
79%
Monaco
79%
Switzerland
76%
Luxembourg
74%
No matching quizzes found
Score Distribution
Percent of People with Each Score
Percentile by Number Answered
Your Score History
You have not taken this quiz